000 00641nam a22002177a 4500
003 UA-OsUOA
001 104780
007 ta
008 20140129b un ||||| |||| 00| 0 ukr d
100 _aЗвягільський Ю.Л.
090 _a330(477)
_bЗ-45
942 _cSA
040 _aUA-OsUOA
_bukr
_cUA-OsUOA
_dUA-OsUOA
245 _aРівень заробітної плати - індикатор ефективності програми економічних реформ
300 _aС.73-85
955 _a0
041 _aukr
080 _a330(477)
773 0 _w104777
650 7 _a330 Економіка взагалі
_2UDC
999 _c390983
_d390983